| 000 | 00878nam a2200241 a 4500 | ||
|---|---|---|---|
| 001 | 000041629 | ||
| 005 | 20201002035657.0 | ||
| 008 | 131014s2013 dr 000 0 spa d | ||
| 020 | _a9789945481365 | ||
| 040 |
_aDO-SdBNP _bspa _cBNPHU |
||
| 082 |
_a344.729301 _bG633d |
||
| 100 | 1 |
_aGómez Geraldino, Alexis A., _d1968- _968412 |
|
| 245 | 1 | 0 |
_aDerecho penal laboral y penal del trabajo / _cAlexis A. Gómez Geraldino. |
| 260 |
_aSanto Domingo : _bCentenario, _c2013. |
||
| 300 |
_a165 p. ; _c23 cm. |
||
| 500 | _aIncluye datos biográficos en ambas contraportadas. | ||
| 504 | _aBibliografía: p.161-165. | ||
| 590 | _aInventariado, 2018/VM | ||
| 650 | 4 |
_aDerecho laboral _zRepública Dominicana _97337 |
|
| 650 | 4 |
_aLegislación laboral _zRepública Dominicana _911733 |
|
| 650 | 4 |
_aDerecho penal _zRepública Dominicana _916470 |
|
| 910 | _aValidado. Control de calidad EMS | ||
| 999 |
_c41119 _d41119 |
||